1874 1201 1336 1925 1055 1762 1231 1423 1864 1578 1594 1864 1212 1127 1642 1573 1789 1104 1454 1936 1146 1783 1468 1813 1844 1784 1498 1428 1980 1431 1887 1136 1778 1800 1268 1742 1432 1792 1729 1232 1997 1010 1663 1205 1994 1264 1639 1554 1640 1649 1089 1322 1914 1422 1719 1215 1671 1209 1663 1976 1050 1536 1640 1106 1444 1187 1145 1055 1624 1702 1132 1058 1142 1136 1682 1461 1351 1422 1087 1270 1283 1065 1968 1488 1598 1935 1107 1534 1261 1055 1782 1675 1513 1123 1625 1132 1852 1337 1317 BCNSPRNW ULIB Ver.6.0+V

เปลี่ยนเป็นภาษาไทย

Change to English
 แสดงรายละเอียดบรรณานุกรม
  กลับหน้าหลัก

Brief Record : Get Marc (ISO 2709) : E-mail record : QR code < ปิดหน้าต่าง
LEADER : 00000nam 2200000uu 4500
001    13399126211
003     ULIB
008    180726s2016||||th 000 0 tha d
020    ^a9780323358194
060    ^aQT104^bM961N
100    ^aSuan E. Mulroney and Adam K. Myers.
245    ^aNetter Essential Physiology/^cSuan E. Mulroney and Adam K. Myers
250    ^a2nd ed
260    ^aPhiladelphia :^bElsevier Limited,^c2016
300    ^a402 pages;^b30 cm
650    ^aPhysiology
945    ^p0^l0^i26428
999    ^aกัณชพร จุลอักษร
รายการนี้ยังไม่มีแท็ก
คุณยังไม่ได้ล็อกอิน คุณสามารถมีกิจกรรมร่วมกับเว็บไซต์ได้ แต่ต้องล็อกอินก่อน ::
  ล็อกอิน

รายการสื่อสารสนเทศ

ลำดับที่ ประเภท เลขเรียก/บาร์โค้ด สถานที่ สถานะ
1. วิทยาศาสตร์การแพทย์ และสุขภาพ
วิทยาศาสตร์การแพทย์ และสุขภาพ
QT104 M961N ฉ.1 
  Barcode: 26428
ห้องสมุดวิทยาเขตนครสวรรค์
►หนังสือทั่วไป:l:General Books
บนชั้น

รายการใกล้เคียง
    ผู้แต่ง [Suan E. Mulroney and Adam K. Myers.]

    หัวเรื่อง [Physiology]

BibComment


ยังไม่เคยถูกคอมเมนท์

คอมเมนท์ทรัพยากรรายการนี้
  คอมเมนท์: Netter Essential..


 Copyright 2026. Bcnsprnw @Library